000 00411nam a2200145 i 4500
001 95933
003 ES-MaACL
007 t|
008 050608s1930 it ||||1| ita d
100 1 _aMacchioro, Vittorio.
_975083
245 1 0 _aZagreus
_b: studi intorno all'orfismo /
_cVittorio Macchioro.
260 _aFirenze :
_b[s.n.],
_c1930 (
_fA. Vallecchi)
300 _a626 p. ;
_c20 cm.
852 _aES-MaACL
_jB-6003
999 _c95933
_d95933